000 00811nam a2200253Ia 4500
003 OSt
005 20220923213832.0
006 a|||||r|||| 00| 0
007 ta
008 220922b |||||||| |||| 00| 0 hin d
024 _a164,982
037 _cTextual
040 _aARTS
_cARTS
_bhin
041 _2hin
_ahin
082 _aO152,1N382x, L4
100 _aरंजक, रमेश
245 0 _aहरापन नहीं बूटेगा (1969-1973)
246 _aHarāpan nahīan būṭegā (1969-1973)
260 _aदिल्ली
_b अक्षर प्रकाशन
_c1974
300 _a95पृ.
_ccm.
650 _aहिन्दी साहित्य
_9156264
942 _hO152,1N382x, L4
_cTEXL
_2CC
999 _c319461
_d319461